| 000 | 00536nam a2200205 a 4500 | ||
|---|---|---|---|
| 001 | BRCA_1941 | ||
| 005 | 20190320203617.0 | ||
| 008 | 850311s1984 sp-#---##d---#000-0#spa-# | ||
| 020 | _a8423947777 | ||
| 040 |
_aDLC _cDLC _dDLC |
||
| 050 | 4 |
_aPC4625 _b.D53 1984 |
|
| 245 | 1 | 0 | _aDiccionario de la lengua española. |
| 250 | _a20 | ||
| 260 |
_aMadrid _bReal Academia Española _c1984 |
||
| 300 |
_a2 v. _c31 cm. |
||
| 650 | 1 | 4 |
_aEspañol _vDiccionarios _95968 |
| 710 | 2 |
_aReal Academia Española _95969 |
|
| 902 | _aREF | ||
| 942 |
_2lcc _cB |
||
| 999 |
_c1711 _d1711 |
||